Canadian Cities by Skyline - Statistics

General Stats
  • This quiz has been taken 793 times
    52 since last reset
  • The average score is 8 of 14
Answer Stats
Picture Answer % Correct
Toronto
92%
Vancouver
85%
Ottawa
82%
Calgary
77%
Quebec City
77%
Edmonton
64%
Halifax
59%
Montreal
49%
Saskatoon
49%
Mississauga
46%
Winnipeg
44%
Victoria
38%
Hamilton
36%
London
26%
No matching quizzes found
Score Distribution
Percent of People with Each Score
Percentile by Number Answered
Your Score History
You have not taken this quiz since the last reset